লোডিং...

RUPAKA SAMIKSA

গ্রন্থ-পঞ্জীর বিবরন
অন্যান্য লেখক: SRIKRISHNA SARMA,E.R
বিন্যাস: Printed Book
প্রকাশিত: SRI VENKATESWARA UNIVERSITY 1964
বিষয়গুলি:
LEADER 00406nam a2200169 4500
020
082
100
245 |a RUPAKA SAMIKSA  |h English 
250
260 |b SRI VENKATESWARA UNIVERSITY  |c 1964 
300 |a 120 p  |f PB 
650 |a RUPAKA SAMIKSA 
700 |a SRIKRISHNA SARMA,E.R. 
942 |c BK 
999 |c 150999  |d 150999 
952 |0 0  |1 0  |4 0  |7 0  |9 164459  |a ORI  |b ORI  |l 0  |p ORI3830  |r 2019-10-25  |w 2019-10-25  |y BK